00986cam a22002771 450000100060000000300080000600500170001400800390003103500190007003500200008904000280010904100080013706000230014508200220016810000370019024501130022726000530034030000350039350400190042865000290044765000260047670000290050294200120053199900170054395201480056012385BD-RjUL20211208235302.0140128s1951 enka 000 0 eng a(BD-RjUL)12434 a(OCoLC)14662726 aDLCcDNLMdBD-RjULbeng aeng0 aQL 703bT247f 1951 a611.072bTAF 19651 aTaylor, William T.d1909-93845610aFunctional mammalian anatomy :bwith special reference to the cat /cWilliam T. Taylor and Richard J. Weber. aNew York :bVan Nostrand,cc1951 [reprint 1965]. axi, 575 p. :billus. ;c23 cm. aInclude index. 0aMammalsxAnatomy.937796 0aCatsxAnatomy.9384571 aWeber, Richard J.938458 2ddccBK c12385d12385 00102ddc40718NFICaRUCLbRUCLcReadingd2067-04-08eMirza Book agencyg43.75l0o611.072 TAF 1965r2014-01-28 00:00:00tC-1w2014-01-28yBK